| 000 | 00365 a2200121 4500 | ||
|---|---|---|---|
| 040 |
_aDLC _bDLC |
||
| 082 | _a515 ANW | ||
| 100 | _aM. Anwar Rao Dr. | ||
| 245 |
_aCalculus of Multi Variable: Lectures 1-13, MTH-301 _cDr. M. Anwar Rao |
||
| 260 |
_aLahore _bVirtual University _c2005 |
||
| 500 | _aLectures 1-13, 14-25, 26-36, 37-45, (04 CD's) | ||
| 942 |
_cCD _k515 ANW _2ddc |
||
| 999 |
_c9680 _d9680 |
||